000 00349 a2200157 4500
001 47603
020 _a9788536011202
040 _cAnchieta - Aquarius
100 _aValentinis, Pia
240 1 0 _aUm grão de romã
_lpor
245 1 0 _aUm grão de romã
300 _a32 p.
362 0 _a2012
650 4 _aLiteratura infanto-juvenil
942 _cBK
999 _c47603
_d47603